000 01050nam a2200289 a 4500
001
003 OSt
005 20211005102053.0
008 130916s2012 dr 000 0 spa d
020 _a9789945475364
040 _aDO-SdBNP
_bspa
_cBPMSU
082 _aRD861.44
_bS194b 2012
_222
100 1 _aSánchez, Enrriquillo
_d1947-2004
245 1 0 _aBojear :
_bpoesía reunida /
_cEnriquillo Sánchez ; compilador Manual García Cartagena ; presentación José Rafael Lantigua
246 1 4 _aBojear
260 _aSanto Domingo :
_bDirección General de la Feria del Libro,
_c2012.
300 _a654 p. ;
_c23 cm.
500 _aIncluye datos biográficos del autor en la solapa de la cubierta
590 _aInventariado, 2021/VM
650 4 _aPoesía dominicana
_vColecciones
650 4 _aLiteratura dominicana
700 1 _aGarcía Cartagena,Manual
_ecomp.
700 1 _a Lantigua, José Rafael
_epresentación
710 2 _aDirección General de la Feria del Libro (República Dominicana)
910 _aVMateo V.
942 _2ddc
_cBK
999 _c13757
_d13757